| 000 | 00904cam a22002654a 4500 | ||
|---|---|---|---|
| 001 | 12559907 | ||
| 005 | 20251103142530.0 | ||
| 008 | 011010s2003 nyua b 001 0 eng | ||
| 020 |
_a0766834972 _qalk. paper |
||
| 020 |
_a9780766834972 _q(alk. paper) |
||
| 050 | 0 | 0 |
_aRT98 _b.H58 2003 |
| 082 | 0 | 0 |
_a610.73/43 _221 |
| 100 | 1 | _aHitchcock, Janice E. | |
| 245 | 1 | 0 |
_aCommunity health nursing : _bcaring in action / _cJanice E. Hitchcock, Phyllis E. Schubert, Sue A. Thomas. |
| 250 | _a2nd ed. | ||
| 260 |
_aClifton Park, NY : _bThomson/Delmar Learning, _cc2003. |
||
| 300 |
_a1 v. (various pagings) : _bcol. ill. ; _c29 cm. + _e1 CD-ROM (4 3/4 in.) |
||
| 650 | 0 | _aCommunity health nursing. | |
| 650 | 0 | _aPublic health nursing. | |
| 650 | 1 | 2 | _aCommunity Health Nursing. |
| 650 | 2 | 2 | _aPublic Health Nursing. |
| 700 | 1 | _aSchubert, Phyllis E. | |
| 700 | 1 | _aThomas, Sue A. | |
| 942 |
_2lcc _cBK _e2nd ed. _n0 |
||
| 999 |
_c7994 _d7994 |
||